000 005170000a22001810004500
003 LK-CoMWRAF
008 230817t ||||| |||| 00| 0 eng d
020 _a9558202010
040 _aLK-CoMWRAF
_dLK-CoMWRAF
_eLK-CoMWRAF
041 _aeng
082 _a150
_bQAR
100 _aYusuf Al Qaradawi
245 _aNiragarippukkum theevira vathaththukkum maththiyil Islamiya Eluchchi
_bIslamic Awakening Between Rejection & Extremism
250 _a1st
260 _aSri Lanka
_bMISD
_Y1989
300 _ap.238
942 _cBK
999 _c356
_d356